|
LDR
| 02352nam a2200673 i 4500 |
|---|
| 001 | 23333 |
|---|
| 003 | CZ-PrJAB |
|---|
| 005 | 20151026101831.0 |
|---|
| 007 | ta |
|---|
| 008 | 150421s2015 xr a e p 000 0 cze |
|---|
| 015 | | . |
‡acnb002694926 |
|---|
| 020 | | . |
‡a978-80-247-4248-9
‡q(brožováno) |
|---|
| 035 | | . |
‡a(CZ PrNK)nkc20152694926 |
|---|
| 035 | | . |
‡a(OCoLC)913564110 |
|---|
| 040 | | . |
‡aOLA001
‡bcze
‡erda |
|---|
| 072 | | 7. |
‡a37
‡xVýchova a vzdělávání
‡2Konspekt
‡922 |
|---|
| 072 | | 7. |
‡a37.016
‡xUčební osnovy. Vyučovací předměty. Učebnice
‡2Konspekt
‡922 |
|---|
| 080 | | . |
‡a37.0
‡2MRF |
|---|
| 080 | | . |
‡a37.013.73
‡2MRF |
|---|
| 080 | | . |
‡a37.015.3
‡2MRF |
|---|
| 080 | | . |
‡a379.8
‡2MRF |
|---|
| 080 | | . |
‡a316.6
‡2MRF |
|---|
| 080 | | . |
‡a376
‡2MRF |
|---|
| 080 | | . |
‡a37.03:364-212
‡2MRF |
|---|
| 080 | | . |
‡a316.72/.75:37.035
‡2MRF |
|---|
| 080 | | . |
‡a(075.8)
‡2MRF |
|---|
| 082 | | . |
‡a370.1 |
|---|
| 100 | 1 | . |
‡aBendl, Stanislav,
‡d1965-
‡7jn20000400127
‡4aut |
|---|
| 245 | 1 | 0. |
‡aVychovatelství :
‡bučebnice teoretických základů oboru /
‡cStanislav Bendl a kolektiv |
|---|
| 250 | | . |
‡aVydání 1. |
|---|
| 264 | | 1. |
‡aPraha :
‡bGrada,
‡c2015 |
|---|
| 300 | | . |
‡a306 stran :
‡bilustrace ;
‡c24 cm |
|---|
| 336 | | . |
‡atext
‡btxt
‡2rdacontent |
|---|
| 337 | | . |
‡abez média
‡bn
‡2rdamedia |
|---|
| 338 | | . |
‡asvazek
‡bnc
‡2rdacarrier |
|---|
| 490 | 1 | . |
‡aPedagogika |
|---|
| 500 | | . |
‡aTerminologické slovníky |
|---|
| 504 | | . |
‡aObsahuje bibliografie a bibliografické odkazy |
|---|
| 650 | 0 | 7. |
‡avýchova
‡7ph127418
‡2czenas |
|---|
| 650 | 0 | 7. |
‡afilozofie výchovy
‡7ph120230
‡2czenas |
|---|
| 650 | 0 | 7. |
‡apedagogická psychologie
‡7ph124012
‡2czenas |
|---|
| 650 | 0 | 7. |
‡apedagogika volného času
‡7ph115704
‡2czenas |
|---|
| 650 | 0 | 7. |
‡asociální psychologie
‡7ph116212
‡2czenas |
|---|
| 650 | 0 | 7. |
‡aspeciální pedagogika
‡7ph116230
‡2czenas |
|---|
| 650 | 0 | 7. |
‡aprevence (sociální problémy)
‡7ph138923
‡2czenas |
|---|
| 650 | 0 | 7. |
‡amultikulturní výchova
‡7ph829799
‡2czenas |
|---|
| 650 | 0 | 9. |
‡aeducation
‡2eczenas |
|---|
| 650 | 0 | 9. |
‡aphilosophy of education
‡2eczenas |
|---|
| 650 | 0 | 9. |
‡aeducational psychology
‡2eczenas |
|---|
| 650 | 0 | 9. |
‡aleisure education
‡2eczenas |
|---|
| 650 | 0 | 9. |
‡asocial psychology
‡2eczenas |
|---|
| 650 | 0 | 9. |
‡aspecial education
‡2eczenas |
|---|
| 650 | 0 | 9. |
‡aprevention (social problems)
‡2eczenas |
|---|
| 650 | 0 | 9. |
‡amulticultural education
‡2eczenas |
|---|
| 655 | | 7. |
‡aučebnice vysokých škol
‡7fd133772
‡2czenas |
|---|
| 655 | | 9. |
‡atextbooks (higher)
‡2eczenas |
|---|
| 830 | | 0. |
‡aPedagogika (Grada) |
|---|
| 910 | | . |
‡aABG450 |
|---|
| 910 | | . |
‡aABG312 |
|---|
| 928 | 9 | . |
‡aGrada Publishing |
|---|
| 999 | | . |
‡a11280
‡b
‡c11280
‡tbiblio |
|---|
| 901 | | . |
‡a23333
‡b
‡c23333
‡tbiblio
‡sets |
|---|